Antología / (Record no. 80425)

MARC details
000 -LEADER
campo de control de longitud fija 00538nam a2200181 i 4500
001 - NÚMERO DE CONTROL
campo de control 80425
003 - IDENTIFICADOR DE NÚMERO DE CONTROL
campo de control ES-MaACL
005 - FECHA Y HORA DE LA ÚLTIMA TRANSACCIÓN
campo de control 20240516130446.0
007 - CAMPO FIJO DE DESCRIPCIÓN FÍSICA--INFORMACIÓN GENERAL
campo de control de longitud fija t|
008 - DATOS DE LONGITUD FIJA--INFORMACIÓN GENERAL
campo de control de longitud fija 041028s1970 sp ||||1| spa d
100 1# - ENTRADA PRINCIPAL--NOMBRE DE PERSONA
Nombre de persona Hikmet, Nazim.
9 (RLIN) 63667
245 10 - MENCIÓN DEL TÍTULO
Título Antología /
Mención de responsabilidad, etc. Nazim Hikmet ; selección, traducción y prólogo de Soliman Salom.
260 ## - PUBLICACIÓN, DISTRIBUCIÓN, ETC.
Lugar de publicación, distribución, etc. [Madrid :
Nombre del editor, distribuidor, etc. Alberto Corazón,
Fecha de publicación, distribución, etc. 1970]
300 ## - DESCRIPCIÓN FÍSICA
Extensión 246 p. ;
Dimensiones 10 cm.
700 1# - ENTRADA AGREGADA--NOMBRE PERSONAL
Nombre de persona Salom, Soliman,
Fechas asociadas al nombre 1921-
9 (RLIN) 102011
852 ## - LOCALIZACIÓN
Ubicación ES-MaACL
Número de control de estantería C-39888
Sublocalización o colección R.73233
Holdings
Estatus retirado Estado de pérdida Estado de daño No para préstamo Biblioteca de origen Biblioteca actual Ubicación en estantería Fecha de adquisición Fuente de adquisición Total de préstamos Signatura topográfica completa Código de barras Visto por última vez Precio de reemplazo Tipo de ítem Koha
        Biblioteca del Ateneo de Madrid Biblioteca del Ateneo de Madrid Depósito 2 17/01/2008     C-39888 1084086 23/02/2023 23/02/2023 Libro impreso